00435 2200169 4500001002100000008004100021035002000062082000800082084001400090100001700104245005800121250000600179260004200185300001200227650001400239990001200253INLIS000000000000594 ind  a0010-0424000570 a600 a600 NUR l aRokhman, Nur aLangkah Sukses Menuju Olimpiade KomputercNur Rokhman a1 aJakarta :bBina Prestasi Insanic2011 a169 hlm aNon Fiksi a0722396